| LEADER |
00755nam0a2200217 450 |
| 001 |
16817969 |
| 010 |
|
|
|a 978-2-7470-4680-0
|b br.
|d 7,1
|
| 100 |
|
|
|a 20130619d2026 u u0frey01 ba
|
| 101 |
0 |
|
|a fre
|
| 102 |
|
|
|a FR
|
| 200 |
0 |
|
|a malédiction de Toutankhamon (La)
|f Pascale Hédelin
|g illustrations de Karim Friha
|
| 207 |
|
1 |
|a
|
| 210 |
|
|
|a Paris
|c Bayard
|d DL 2013
|
| 215 |
|
|
|a 1 vol. (79 p.)
|c ill., couv. ill. en coul.
|d 19 cm
|
| 225 |
1 |
|
|a Grandes enigmes de l'Histoire
|
| 300 |
|
|
|a En appendice, choix de documents
|
| 700 |
|
0 |
|a Hédelin
|b Pascale
|4 70
|
| 702 |
|
0 |
|a Friha
|b Karim
|f 1980-....
|4 440
|
| 900 |
|
|
|a Roman enfant
|
| 901 |
|
|
|a Accessible au prêt
|
| 995 |
|
|
|a Bibliothèque
|c Bibliothèque
|f 024014589
|h 024014589
|k E C3 HED
|o p
|q j
|r az
|e Bibliothèque
|